书目信息 |
| 题名: |
布鲁内莱斯基的穹顶
|
|
| 作者: | 金 著 ;冯璇 译 | |
| 分册: | ||
| 出版信息: | 北京 社会科学文献出版社 2018.09 |
|
| 页数: | 223页 | |
| 开本: | 22cm | |
| 丛书名: | ||
| 单 册: | ||
| 中图分类: | TU252 , TU25 | |
| 科图分类: | ||
| 主题词: | 教堂--jiao tang--建筑艺术--意大利--中世纪 | |
| 电子资源: | ||
| ISBN: | 978-7-5201-2917-6 | |
| 000 | 01371nam0 2200289 450 | |
| 001 | 1934556660 | |
| 005 | 20180919082509.9 | |
| 010 | @a978-7-5201-2917-6@b精装@dCNY 59.00 | |
| 100 | @a20180917d2018 em y0chiy50 ea | |
| 101 | 1 | @achi@ceng |
| 102 | @aCN@b110000 | |
| 105 | @aa a 001yy | |
| 200 | 1 | @a布鲁内莱斯基的穹顶@Abu lu nei lai si ji de qiong ding@e圣母百花大教堂的传奇@f(加) 罗斯·金著@d= Brunelleschts@ehow a renaissance geniuis reinvented architecture@fRoss King@g冯璇译@zeng |
| 210 | @a北京@c社会科学文献出版社@d2018.09 | |
| 215 | @a223页@c图@d22cm | |
| 314 | @a罗斯·金, 是一位广受赞誉的作者。冯璇, 现在专门从事翻译工作。 | |
| 320 | @a有书目 (第206-207页) 和索引 | |
| 330 | @a《布鲁内莱斯基的穹顶》是关于一个文艺复兴时期的天才如何避开有限的人力、物质手段和艰难的自然条件建造了一个至今仍然为人我们所惊叹的建筑奇迹的故事。作者在书中描写了布鲁内莱斯基这位天才如何将一个不可能完成的任务变成一个创举, 他发明新的机械, 运用新的工作方法进行建造。 | |
| 500 | 10 | @aBrunelleschts : how a renaissance geniuis reinvented architecture@mChinese |
| 517 | 1 | @a圣母百花大教堂的传奇@Asheng mu bai hua da jiao tang de chuan qi |
| 606 | 0 | @a教堂@Ajiao tang@x建筑艺术@y意大利@z中世纪 |
| 690 | @aTU252@v5 | |
| 690 | @aTU25@v4 | |
| 701 | 1 | @a金@Ajin@g(King, Ross)@4著 |
| 702 | 0 | @a冯璇@Afeng xuan@4译 |
| 801 | 0 | @aCN@b人天书店@c20180917 |
| 905 | @aBZT@dTU25@e2 | |
| 布鲁内莱斯基的穹顶:圣母百花大教堂的传奇/(加) 罗斯·金著= Brunelleschts:how a renaissance geniuis reinvented architecture/Ross King/冯璇译.-北京:社会科学文献出版社,2018.09 |
| 223页:图;22cm |
| ISBN 978-7-5201-2917-6(精装):CNY 59.00 |
| 《布鲁内莱斯基的穹顶》是关于一个文艺复兴时期的天才如何避开有限的人力、物质手段和艰难的自然条件建造了一个至今仍然为人我们所惊叹的建筑奇迹的故事。作者在书中描写了布鲁内莱斯基这位天才如何将一个不可能完成的任务变成一个创举, 他发明新的机械, 运用新的工作方法进行建造。 |
| ● |
| 相关链接 |
|
|
|
正题名:布鲁内莱斯基的穹顶
索取号:TU25/2
 
预约/预借
| 序号 | 登录号 | 条形码 | 馆藏地/架位号 | 状态 | 备注 |
| 1 | 864369 | 2000864369 | 第二书库/ [索取号:TU25/2] | 在馆 | |
| 2 | 864370 | 2000864370 | 第二书库/ [索取号:TU25/2] | 在馆 | |
| 3 | 864371 | 2000864371 | 第二书库/ [索取号:TU25/2] | 在馆 |